000 00812nam a22002175i 4500
001 168889
003 ES-MaACL
005 20250522063049.0
008 080619s1921 fr |||| | fre d
080 _a782.089.6
100 1 _aMassenet, Jules,
_d1842-1912
_9240595
245 1 0 _aHérodiade [
_hmúsica impresa]
_b: opéra en 4 actes et 7 tableaux /
_cde P. Milliet, H. Grémont, A. Zanardini ; musique de J. Massenet.
260 _aParis :
_bHeugel et Cie.,
_c[1921]
300 _a1 partitura vocal ( III, 355 p.) ;
_c28 cm.
650 1 4 _aÓperas-
_xPartituras vocales.
_9137997
700 1 _aMilliet, Paul.
_981256
700 1 _aGrémont, H.
_9137980
700 1 _aZanardini, A.
_9138020
852 4 _aES-MaACL
_jL-29315
_9R.143648
_zBiblioteca Jacinto Martínez Lacalle
999 _c168889
_d168889